000 00648cam a22002173a 4500
001 34906
003 PGUSA
005 20140828083743.0
008 110110s2011||||xxu|||||s|||||000 | eng d
040 _aPGUSA
_beng
042 _adc
100 1 _aLear, Edward,
_d1812-1888
245 1 4 _aThe Jumblies and Other Nonsense Verses
_h[electronic resource] /
_cEdward Lear
260 _bProject Gutenberg,
_c2011
506 _aPublic domain in the USA.
516 _aElectronic text
700 1 _aBrooke, L. Leslie
_q(Leonard Leslie),
_d1862-1940
830 0 _aProject Gutenberg
_v34906
856 4 0 _uhttp://www.gutenberg.org/ebooks/34906
942 _cEB
999 _c264161
_d264161